| 000 | 00506nam a2200157 a 4500 | ||
|---|---|---|---|
| 005 | 20140412111225.0 | ||
| 008 | 010522s19uu xx 00 eng d | ||
| 020 | _a0-513-02100-0 | ||
| 050 |
_aTR(GS 372.4 _bL64 1994 |
||
| 100 | _aLindsay, Betty | ||
| 245 |
_aReading remedies, grades 1-4 : _breading enrichment program / _cby Betty Lindsay & Mary Kay Huneke. |
||
| 260 |
_aMinneapolis, Minnesota : _bT. D. Denison & Company, Inc, _c1992. |
||
| 300 | _a352p. ; ill. | ||
| 650 | _aReading | ||
| 999 |
_c102019 _d102019 |
||